01382nam a22004217a 4500003000400000005001700004008004100021040002200062082001700084100003800101245002000139260007300159300001900232366000800251490001800259505001500277505002000292505001600312505002100328505001600349505002300365505002800388505004200416505003000458505004300488505005800531505002200589505002600611505001300637650004600650650004400696650004900740650005000789650004700839700003000886942002900916999001500945OSt20230315125935.0221006b |||||||| |||| 00| 0 eng d cBiblioteca Lado V a701.1bB167a 9783aBaker, Elizabeth C.eeditora aArt in America/ bWhitney Communications Corporation Magazine Divisionc2006aNew York c22x29cma152p. eeng aFebrerov2006 tFront Page tReview of Books tPerformance tReport from Lyon tPhotography tPortraits of Light tBack for One Night Only tCrying Time: The Films of Jesper Just tHeretics of the Heartland tWilling Spirits: Art of the Paranormal tMesmer as Metaphor: Lenore Malen;s Fictions of Utopia tThe Toxic Sublime tReview of Exhibitions tArtworld 2Tesauro de Arte & ArquitecturaaARTE9703 2Tesauro de Arte & ArquitecturaaCRITICA 2Tesauro de Arte & ArquitecturaaAPRECIACION  2Tesauro de Arte & ArquitecturaaCOLECCIONISMO 2Tesauro de Arte & ArquitecturaaARTE - USA aShanley, Paulepublicista 2ddcc1h701.1 iB167an0 c3216d3216